Nuclear proliferation in the 1980s : (Record no. 523831)

000 -LEADER
fixed length control field 00912cam a2200277 a 4500
001 - CONTROL NUMBER
control field 4698070
003 - CONTROL NUMBER IDENTIFIER
control field NUST
005 - DATE AND TIME OF LATEST TRANSACTION
control field 20190529085938.0
008 - FIXED-LENGTH DATA ELEMENTS--GENERAL INFORMATION
fixed length control field 820624s1982 nyu b 101 0 eng
010 ## - LIBRARY OF CONGRESS CONTROL NUMBER
LC control number 82042602
020 ## - INTERNATIONAL STANDARD BOOK NUMBER
International Standard Book Number 0312579756 :
Terms of availability $27.50
038 ## - RECORD CONTENT LICENSOR
Staff Name Muhammad Ibrahim
040 ## - CATALOGING SOURCE
Original cataloging agency DLC
Transcribing agency DLC
Modifying agency DLC
050 00 - LIBRARY OF CONGRESS CALL NUMBER
Classification number JX1974.73
Item number .N825 1982
082 00 - DEWEY DECIMAL CLASSIFICATION NUMBER
Classification number 327.1/74
Edition number 19
245 00 - TITLE STATEMENT
Title Nuclear proliferation in the 1980s :
Remainder of title perspectives and proposals /
Statement of responsibility, etc. edited by William H. Kincade and Christoph Bertram.
260 ## - PUBLICATION, DISTRIBUTION, ETC.
Place of publication, distribution, etc. New York :
Name of publisher, distributor, etc. St. Martin's Press,
Date of publication, distribution, etc. 1982.
300 ## - PHYSICAL DESCRIPTION
Extent xiv, 272 p. ;
Dimensions 23 cm.
500 ## - GENERAL NOTE
General note Includes index.
504 ## - BIBLIOGRAPHY, ETC. NOTE
Bibliography, etc. note Bibliography: p. [259]-266.
650 #0 - SUBJECT ADDED ENTRY--TOPICAL TERM
Topical term or geographic name entry element Nuclear nonproliferation
General subdivision Congresses.
9 (RLIN) 14601
700 1# - ADDED ENTRY--PERSONAL NAME
Personal name Kincade, William H.
9 (RLIN) 14602
700 1# - ADDED ENTRY--PERSONAL NAME
Personal name Bertram, Christoph,
Dates associated with a name 1937-
9 (RLIN) 14603
906 ## - LOCAL DATA ELEMENT F, LDF (RLIN)
a 7
b cbc
c orignew
d 1
e ocip
f 19
g y-gencatlg
942 ## - ADDED ENTRY ELEMENTS (KOHA)
Source of classification or shelving scheme
Koha item type Book
Holdings
Withdrawn status Lost status Source of classification or shelving scheme Damaged status Not for loan Permanent Location Current Location Shelving location Date acquired Total Checkouts Full call number Barcode Date last seen Price effective from Koha item type
          Centre for International Peace & Stability (CIPS) Centre for International Peace & Stability (CIPS) General Stacks 05/29/2019   327.1 74 NUC 1982 CIPSD0000511 05/29/2019 05/29/2019 Book
© 2023 Central Library, National University of Sciences and Technology. All Rights Reserved.